| 000 | 00545nam a2200181 a 4500 | ||
|---|---|---|---|
| 001 | 0271 | ||
| 005 | 20140414131909.0 | ||
| 008 | 040902s19uu xx 00 eng d | ||
| 020 | _a1-876289-64-3 | ||
| 050 |
_aER _bB63 2002 |
||
| 100 | _aMillard, Glenda | ||
| 245 |
_aBones Maloney and the raspberry spiders / _cGlenda Millard ; illustrated by Matt Cosgrove. |
||
| 260 |
_aAustralia : _bA Margaret Hamilton Book, _c2002. |
||
| 300 | _a1 v. (unp.) : ill. ; cm. | ||
| 650 | _aDogs--Fiction. | ||
| 650 | _aChildren stories. | ||
| 999 |
_c111135 _d111135 |
||